| 000 | 00760nam a2200229Ia 4500 | ||
|---|---|---|---|
| 005 | 20220303101038.0 | ||
| 008 | 210716s2017 xx 000 0 und d | ||
| 020 | _a9789386062710 | ||
| 040 | _cAIMIT LIBRARY | ||
| 041 | _aeng | ||
| 050 | _a1st | ||
| 082 |
_a658.30015 _21 _bBHAD |
||
| 100 |
_aBhattacharyya, Dipak Kumar. _922457 |
||
| 245 |
_aHR analytics : _bunderstanding theories and applications / _cBy Dipak KumarBhattacharyya. |
||
| 250 | _a1st Ed. | ||
| 260 |
_aNew Delhi : _bSage Publications ; _c2017. |
||
| 300 |
_axiii, 215p. ;I-4 ; _c23 cm. |
||
| 650 |
_aIntroductionn to HR analytics _922458 |
||
| 650 |
_aHR analytics and predictive modelling _922459 |
||
| 650 |
_aHR analytics for future _922460 |
||
| 942 |
_2ddc _cBK _e1st _k658.30015 BHAD |
||
| 999 |
_c210640 _d210640 |
||